00617nam a2200157Ia 4500008004100000020001800041082002000059100004400079245007400123260005900197300001100256440002800267650005300295952009400348999001700442120622s9999 xx 000 0 und d a968-16-1724-X a086.1 L471 v.55 aGutiérrez Nájera, Manuel, 1859-1895 aLa novela del tranvía y otros cuentos / Manuel Gutiérrez Nájera aMéxico : Fondo de Cultura Económica ; SEP, Cultura a164 p. aLecturas mexicanas ; 55 a1. CUENTOS MEXICANOS \ 2. LITERATURA MEXICANAÌ 00104070a01b01d2007-01-25l0o086.1 L471 V.55p01 002578r2012-06-24w2012-06-24yLB c56284d56284